000 00909nam a2200277Ia 4500
005 20220317000023.0
008 141031s9999 xx 000 0 und d
020 _a9789583002243
100 1 0 _aCalderón de la Barca, Pedro
_d 1600-1681
245 1 3 _aLa vida es sueño ; El alcalde de Zalamea
_cPedro Calderón de la Barca
250 _a1a ed., 10a reimpr.
300 _a306 páginas
_c23 cm.
505 _aEl alcalde de Zalamea
650 1 4 _a Literatura española
_2LEMB
650 1 4 _a Problemas sociales en la literatura
_2LEMB
650 1 4 _a Teatro español
_2LEMB
650 1 4 _aAutores españoles
_2LEMB
740 _aEl alcalde de Zalamea
942 _2loc
_cBK
264 _aBogotá
_bPanamericana
_c2014
336 _atexto
_btxt
_2rdacontent
337 _asin mediación
_bn
_2rdamedia
338 _avolumen
_bnc
_2rdacarrier
040 _aCO-BoRNBP
_bspa
_erda
_cCO-BoRNBP
084 _aT CAL2
999 _c2913
_d2913